| 000 | nam a22 a 4500 | ||
|---|---|---|---|
| 999 |
_c390817 _d390817 |
||
| 003 | BLK | ||
| 005 | 20201029100504.0 | ||
| 008 | 180411b bul|||||r ||||||| ||bul|| | ||
| 010 | _aKNG00193294000 | ||
| 040 | _aBLK | ||
| 041 |
_aFRE _cFRE |
||
| 080 |
_aКласическа гръцка литература. Старогръцка литература _b821.142 _x-2 _z821.142-2 |
||
| 100 |
_aEuripide _eпърви автор _9435715 |
||
| 139 | _aEuripide | ||
| 245 | 1 | 0 |
_aTragedies d'Euripide _cEuripide; trad.fr grec M. Artaud. _bT. I - _nT. II |
| 250 | _a3. Ed., rev. et augm. | ||
| 257 | _aFRA | ||
| 260 |
_aParis _bLibrairie de Firmin-Didot et cie _c1887 _9392377 |
||
| 300 | _c18 см | ||
| 380 | _aX | ||
| 490 |
_9435080 _aКолекция Редки и ценни издания |
||
| 700 |
_aArtaud, M. _etrad. du grec _9435741 |
||
| 760 |
_h535 c. _oT. II |
||
| 852 |
_aРф 887 _bРц |
||
| 856 | 4 | _qpdf | |
| 856 | 4 | _qpdf | |
| 942 |
_cKNG _n0 _s1 |
||
| 944 |
_aCR _c2020-10-28 _kТД |
||
| 944 |
_aED _c17.10.2016 _kНора_Радева |
||
| 999 | _d390817 | ||
| 999 | _d390779 | ||
| 999 | _d390779 | ||
| 999 | _d184341 | ||